Mathematical and physical principles of engineering analysis
| Main Author: | |
|---|---|
| Format: | Section = Libro |
| Language: | Undetermined Spanish |
| Published: |
New York
McGraw-Hill
1944
|
| Subjects: |
| LEADER | 00506nam a2200181Ia 4500 | ||
|---|---|---|---|
| 008 | 240829s9999 xx 000 0 und d | ||
| 040 | |a BIBLIOTECA-RUSB/ 515.35 J71 | ||
| 041 | |a spa | ||
| 082 | |a 515.35 J71 | ||
| 100 | 1 | |a Johnson, Walter C | |
| 245 | 1 | 0 | |a Mathematical and physical principles of engineering analysis |
| 260 | |a New York |b McGraw-Hill |c 1944 | ||
| 300 | |a 346 p. :il. | ||
| 650 | 7 | |a MATEMATICAS PARA INGENIEROS | |
| 650 | 7 | |b ECUACIONES DIFERENCIALES | |
| 942 | |c BK |2 ddc | ||
| 991 | |a TEXTO | ||
| 999 | |c 1703 | ||